Observatori de polítiques educatives locals : informe 2010 / [coordinació: Àrea d'Educació. Gerència de Serveis d'Educació] informe 2010 / [coordinació:
ISBN:
978-84-9803-424-0
Publicado:
Barcelona :
Diputació de Barcelona. Àrea d'Educació. Gerència de Serveis d'Educació ,
2011
Descripción Física:
149 p. ; 29 cm
Colección:
Documents de treball. Educació ; 7
MARC
| LEADER | 00000nam a2200000Ia 4500 | ||
|---|---|---|---|
| 001 | 23095 | ||
| 008 | 160829s2011 xx 000 0 cat d | ||
| 020 | |a 978-84-9803-424-0 | ||
| 080 | |a E-1-395 | ||
| 245 | |a Observatori de polítiques educatives locals : |b informe 2010 / [coordinació: |b Àrea d'Educació. Gerència de Serveis d'Educació] | ||
| 260 | |a Barcelona : |b Diputació de Barcelona. Àrea d'Educació. Gerència de Serveis d'Educació, |c 2011 | ||
| 300 | |a 149 p. ; |c 29 cm | ||
| 490 | |a Documents de treball. Educació ; 7 | ||
| 590 | |a Bibliografia | ||
| 650 | 0 | |a Educació |z Barcelona (Província} |9 40056 | |
| 651 | 0 | |a Barcelona (Catalunya : Província) |x Política educativa |9 53806 | |
| 710 | |a Barcelona (Catalunya : Província). |b Gerència de Serveis d'Educació |9 52167 | ||
| 901 | |a Arxiu | ||
| 942 | |n 1 | ||
| 952 | |0 0 |1 0 |4 0 |6 E1395 |7 1 |9 51408 |a Arxiu |b Arxiu |d 2016-12-01 |l 0 |o E-1-395 |p 23095 |r 2016-12-01 00:00:00 |w 2016-12-01 |y ARXIU | ||
| 999 | |c 55252 |d 55252 | ||